Index of verb forms in Thucydides /
This index lists all verb forms in Thucydides, with the total number of occurrences of the verbs and crossreferences to the compounds. Two appendices provide lists of verb forms that are attested in the manuscripts but have been removed by conjecture from the printed text and of all attested variant...
المؤلف الرئيسي:
التنسيق: كتاب الكتروني
اللغة: English
منشور في:
Boston :
Brill,
2008.
سلاسل:
Classical Studies E-Books Online, Collection 2008, ISBN: 9789004222793.
الموضوعات:
الوصول للمادة أونلاين: Login to view Source
الوسوم: إضافة وسم
رقم الطلب: PA4486 .S76 2008
| LEADER | 02717nam a2200517 i 4500 | ||
|---|---|---|---|
| 001 | BRILL9789047423461 | ||
| 003 | nllekb | ||
| 005 | 20230529210506.0 | ||
| 006 | m d | ||
| 007 | cr un uuuua | ||
| 008 | 071114s2008 ne si 000 0 eng | ||
| 010 | |a 2007062036 | ||
| 015 | |a GBA7A2582 |2 bnb | ||
| 016 | 7 | |a 014470403 |2 Uk | |
| 020 | |a 9789047423461 |q (electronic book) | ||
| 020 | |z 9789004164390 |q (print) | ||
| 024 | 7 | |a 10.1163/ej.9789004164390.i-242 |2 DOI | |
| 035 | |a (OCoLC)173808174 | ||
| 040 | |a NL-LeKB |c NL-LeKB |e rda | ||
| 050 | 4 | |a PA4486 |b .S76 2008 | |
| 082 | 0 | 4 | |a 938/.05 |2 22 |
| 100 | 1 | |a Stork, Peter. | |
| 245 | 1 | 0 | |a Index of verb forms in Thucydides / |c compiled by Peter Stork. |
| 264 | 1 | |a Boston : |b Brill, |c 2008. | |
| 300 | |a 1 online resource. | ||
| 336 | |a text |b txt |2 rdacontent | ||
| 337 | |a computer |b c |2 rdamedia | ||
| 338 | |a online resource |2 rdacarrier | ||
| 490 | 0 | |a Brill eBook titles 2008 | |
| 505 | 0 | 0 | |t Preliminary Materials / |r P. Stork -- |t Index Of Verb Forms / |r P. Stork -- |t Verbal Adjective / |r P. Stork -- |t Consensus Codicorum / |r P. Stork -- |t Variae Lectiones / |r P. Stork. |
| 506 | 1 | |a Available to subscribing member institutions only. | |
| 520 | |a This index lists all verb forms in Thucydides, with the total number of occurrences of the verbs and crossreferences to the compounds. Two appendices provide lists of verb forms that are attested in the manuscripts but have been removed by conjecture from the printed text and of all attested variant readings. In providing easy access to the verb system as it is attested in Thucydides, it is an invaluable tool for research into the verb system in Thucydides in particular and in Ancient Greek in general, on matters of lexicography or morphology, and more particularly on various aspects of the semantics of the verb system, such as the use of aspectual forms and that of the moods and voices. | ||
| 559 | 4 | |a PA4486 .S76 2008 | |
| 600 | 0 | 0 | |a Thucydides |x Language |v Glossaries, etc. |
| 600 | 0 | 7 | |a Thucydides |x Verb |v Wörterbuch. |2 idsbb |
| 600 | 0 | 7 | |a Thukydides. |2 idszbz |
| 650 | 0 | |a Greek language |v Glossaries, vocabularies, etc. | |
| 650 | 0 | |a Greek language |x Verb. | |
| 650 | 7 | |a Verb. |2 idszbz | |
| 776 | 0 | |t Index of verb forms in Thucydides |z 9789004164390 (hardback : alk. paper) |z 9004164391 (hardback : alk. paper) | |
| 830 | 0 | |a Classical Studies E-Books Online, Collection 2008, ISBN: 9789004222793. | |
| 856 | 4 | |z DOI: |u http://dx.doi.org/10.1163/ej.9789004164390.i-242 | |
| 942 | |2 lcc |c EBOOK | ||
| 952 | |0 0 |1 0 |2 lcc |4 0 |6 PA4486 S76 02008 |7 1 |9 47938 |a BRILL |b BRILL |d 2023-05-29 |l 0 |o PA4486 .S76 2008 |r 2023-05-29 00:00:00 |w 2023-05-29 |y EBOOK | ||
| 994 | |a C0 |b NEIDC | ||
| 999 | |c 53282 |d 53282 | ||
